[Event "CZE/SVK-chT (Women)"]
[Site "Ricany"]
[Date "2015.06.29"]
[Round "4"]
[White "Balkova, Anna"]
[Black "Zavurkova, Monika"]
[Result "1/2-1/2"]
[WhiteElo "1929"]
[BlackElo "1821"]
[PlyCount "27"]
[EventDate "2015.06.27"]
[EventType "team-tourn"]
[EventRounds "7"]
[EventCountry "CZE"]
[SourceTitle "EXT 2017"]
[Source "ChessBase"]
[SourceDate "2016.10.25"]
[SourceVersion "1"]
[SourceVersionDate "2016.10.25"]
[SourceQuality "1"]

1. e4 e6 2. d4 d5 3. e5 c5 4. c3 Nc6 5. Nf3 Qb6 6. Be2 cxd4 7. cxd4 Bb4+ 8. Bd2 Bd7 9. Bxb4 Qxb4+ 10. Qd2 Qxd2+ 11. Nbxd2 Nge7 12. Nb3 b6 13. 0-0 h6 14. Rac1 1/2-1/2

[Event "CZE/SVK-chT (Women)"]
[Site "Ricany"]
[Date "2015.06.27"]
[Round "1"]
[White "Novosadova, Kristyna"]
[Black "Balkova, Anna"]
[Result "1-0"]
[WhiteElo "2211"]
[BlackElo "1929"]
[PlyCount "41"]
[EventDate "2015.06.27"]
[EventType "team-tourn"]
[EventRounds "7"]
[EventCountry "CZE"]
[SourceTitle "EXT 2017"]
[Source "ChessBase"]
[SourceDate "2016.10.25"]
[SourceVersion "1"]
[SourceVersionDate "2016.10.25"]
[SourceQuality "1"]

1. e4 c5 2. Nf3 Nc6 3. d4 cxd4 4. Nxd4 g6 5. Nc3 Bg7 6. Be3 Nf6 7. Bc4 0-0 8. Bb3 d6 9. f3 Na5 10. Qd2 Nxb3 11. axb3 Bd7 12. g4 a6 13. h4 h5 14. gxh5 Nxh5 15. 0-0-0 Qa5 16. Kb1 Bc6 17. Rhg1 Rfd8 18. Bh6 e5 19. Bxg7 Kxg7 20. Nf5+ Kg8 21. Qh6 1-0

[Event "Brno Duras op-A"]
[Site "Brno"]
[Date "2009.07.01"]
[Round "6"]
[White "Markovic, Ivan1111"]
[Black "Balkova, Anna"]
[Result "1-0"]
[WhiteElo "2194"]
[BlackElo "1866"]
[PlyCount "67"]
[EventDate "2009.06.26"]
[EventType "swiss"]
[EventRounds "9"]
[EventCountry "CZE"]
[SourceTitle "CBM 131 Extra"]
[Source "ChessBase"]
[SourceDate "2009.09.03"]
[SourceVersion "2"]
[SourceVersionDate "2009.09.16"]
[SourceQuality "1"]

1. e4 c5 2. Nf3 Nc6 3. d4 cxd4 4. Nxd4 Nf6 5. Nc3 e5 6. Ndb5 d6 7. Bg5 a6 8. Na3 b5 9. Bxf6 gxf6 10. Nd5 Bg7 11. Bd3 Be6 12. c3 0-0 13. Qf3 Rb8 14. Nc2 Na5 15. Ncb4 Ra8 16. 0-0 Kh8 17. Rad1 Nc4 18. Qe2 a5 19. Nc6 Qd7 20. Nce7 Bxd5 21. Nxd5 Qc6 22. b3 Nb6 23. Bxb5 Qb7 24. Ne3 Rad8 25. f3 d5 26. Nf5 Nc8 27. exd5 Rxd5 28. Bd3 Rdd8 29. f4 Rg8 30. Be4 Qb6+ 31. Kh1 Nd6 32. Nxd6 Rxd6 33. Rxd6 Qxd6 34. Qh5 1-0

[Event "Zdar nad Sazavou Vysocina op-A 5th"]
[Site "Zdar nad Sazavou"]
[Date "2008.09.24"]
[Round "5"]
[White "Freisler, Pavel"]
[Black "Balkova, Anna"]
[Result "1-0"]
[WhiteElo "2308"]
[BlackElo "1885"]
[PlyCount "39"]
[EventDate "2008.09.20"]
[EventType "swiss"]
[EventRounds "9"]
[EventCountry "CZE"]
[SourceTitle "CBM 126 Extra"]
[Source "ChessBase"]
[SourceDate "2008.11.05"]
[SourceVersion "1"]
[SourceVersionDate "2008.11.05"]
[SourceQuality "1"]

1. Nf3 d5 2. c4 e6 3. g3 Nf6 4. Bg2 Be7 5. d4 0-0 6. 0-0 b6 7. cxd5 Nxd5 8. e4 Nf6 9. Nc3 Bb7 10. Re1 h6 11. Qc2 Nc6 12. Be3 Ng4 13. Rad1 Bb4 14. Bf4 Bxc3 15. bxc3 Nf6 16. c4 Qe7 17. d5 Nb4 18. Qb3 a5 19. a3 Na6 20. d6 1-0

[Event "Pobeskydy op"]
[Site "Frydek Mistek"]
[Date "2008.03.20"]
[Round "1"]
[White "Balkova, Anna"]
[Black "Smistik, Milan"]
[Result "1-0"]
[WhiteElo "1908"]
[BlackElo "2329"]
[PlyCount "95"]
[EventDate "2008.03.20"]
[EventType "swiss"]
[EventRounds "9"]
[EventCountry "CZE"]
[SourceTitle "EXT 2010"]
[Source "ChessBase"]
[SourceDate "2010.11.25"]
[SourceVersion "1"]
[SourceVersionDate "2010.11.25"]
[SourceQuality "1"]

1. e4 d5 2. exd5 Qxd5 3. d4 Nf6 4. Nf3 Bg4 5. Be2 e6 6. 0-0 c6 7. c4 Qd8 8. Be3 Bd6 9. Ne5 Bxe5 10. dxe5 Qxd1 11. Bxd1 Bxd1 12. exf6 Be2 13. fxg7 Rg8 14. Re1 Bxc4 15. Bh6 Bd5 16. Nc3 Na6 17. Rad1 0-0-0 18. Nxd5 Rxd5 19. Rxd5 cxd5 20. f4 Kd7 21. f5 Nc5 22. f6 Ne4 23. Rxe4 dxe4 24. Bf4 Kc6 25. g4 Kd5 26. Kf2 e5 27. Be3 Ke6 28. Bg5 a5 29. Ke3 Kd5 30. h4 a4 31. h5 b5 32. h6 a3 33. b3 Rc8 34. Bh4 Rc3+ 35. Kd2 Rc8 36. Bf2 Ke6 37. Bc5 Rg8 38. Be7 e3+ 39. Kxe3 Kd5 40. Bxa3 e4 41. Be7 Ke5 42. a4 bxa4 43. bxa4 Kd5 44. Bf8 Ke6 45. a5 Kd5 46. a6 Kc6 47. g5 Kb6 48. g6 1-0

[Event "Brno Trade op"]
[Site "Brno"]
[Date "2007.08.27"]
[Round "2"]
[White "Balkova, Anna"]
[Black "Glacner, Karel"]
[Result "1/2-1/2"]
[WhiteElo "1944"]
[BlackElo "1859"]
[PlyCount "31"]
[EventDate "2007.08.26"]
[EventType "swiss"]
[EventRounds "7"]
[EventCountry "CZE"]
[SourceTitle "EXT 2008"]
[Source "ChessBase"]
[SourceDate "2007.11.25"]
[SourceVersion "1"]
[SourceVersionDate "2007.11.25"]
[SourceQuality "1"]

1. e4 d5 2. exd5 Nf6 3. d4 Nxd5 4. Nf3 e6 5. c4 Bb4+ 6. Bd2 Bxd2+ 7. Nbxd2 Nf6 8. Be2 Nbd7 9. 0-0 Nf8 10. Nb3 Ng6 11. Qd2 0-0 12. Rad1 b6 13. Qc1 Bb7 14. Ne1 Ne4 15. f3 Nf6 16. Bd3 1/2-1/2

[Event "Brno Trade op"]
[Site "Brno"]
[Date "2007.08.26"]
[Round "1"]
[White "Malinovsky, Karel"]
[Black "Balkova, Anna"]
[Result "1-0"]
[WhiteElo "2334"]
[BlackElo "1944"]
[PlyCount "71"]
[EventDate "2007.08.26"]
[EventType "swiss"]
[EventRounds "7"]
[EventCountry "CZE"]
[SourceTitle "EXT 2008"]
[Source "ChessBase"]
[SourceDate "2007.11.25"]
[SourceVersion "1"]
[SourceVersionDate "2007.11.25"]
[SourceQuality "1"]

1. e4 c5 2. Nf3 Nc6 3. d4 cxd4 4. Nxd4 e5 5. Nb5 d6 6. c4 Be7 7. Bd3 Be6 8. 0-0 a6 9. N5a3 Bg5 10. Nc3 Bxc1 11. Rxc1 Nge7 12. Qd2 0-0 13. Rfd1 Nd4 14. Nc2 Nec6 15. Nxd4 Nxd4 16. f3 Rc8 17. Ne2 Nxe2+ 18. Bxe2 Qb6+ 19. Kh1 Rfd8 20. b3 f6 21. g3 Qc7 22. Kg2 Qe7 23. Rc3 Rd7 24. Rd3 Rcd8 25. f4 Bf7 26. Bg4 Be6 27. Bxe6+ Qxe6 28. f5 Qe7 29. Rd5 Kf7 30. c5 Ke8 31. Rxd6 Rxd6 32. cxd6 Qf7 33. Rc1 b5 34. Rc6 h6 35. Kg1 Qb7 36. Qd5 1-0

[Event "Brno op-A"]
[Site "Brno"]
[Date "2007.07.03"]
[Round "3"]
[White "Balkova, Anna"]
[Black "Kuchynka, Lukas"]
[Result "1/2-1/2"]
[WhiteElo "1944"]
[BlackElo "2180"]
[PlyCount "46"]
[EventDate "2007.07.01"]
[EventType "swiss"]
[EventRounds "9"]
[EventCountry "CZE"]
[SourceTitle "CBM 119 Extra"]
[Source "ChessBase"]
[SourceDate "2007.09.04"]
[SourceVersion "1"]
[SourceVersionDate "2007.09.04"]
[SourceQuality "1"]

1. e4 e5 2. Nf3 Nc6 3. Bb5 a6 4. Ba4 Nf6 5. 0-0 Be7 6. Bxc6 dxc6 7. d3 Qd6 8. Nbd2 b5 9. d4 Nd7 10. dxe5 Nxe5 11. Nxe5 Qxe5 12. f4 Qd4+ 13. Kh1 c5 14. c3 Qd7 15. Qe2 Bb7 16. Nf3 0-0-0 17. Ne5 Qe6 18. Re1 f6 19. Nf3 Rhe8 20. e5 Kb8 21. Be3 fxe5 22. Nxe5 Bd6 23. Bf2 Qf5 1/2-1/2

[Event "Pobeskydy Chance 18th"]
[Site "Frydek Mistek"]
[Date "2007.04.07"]
[Round "5"]
[White "Balkova, Anna"]
[Black "Taus, Martin"]
[Result "0-1"]
[WhiteElo "1951"]
[BlackElo "2082"]
[PlyCount "100"]
[EventDate "2007.04.05"]
[EventType "swiss"]
[EventRounds "9"]
[EventCountry "CZE"]
[SourceTitle "CBM 118 Extra"]
[Source "ChessBase"]
[SourceDate "2007.07.04"]
[SourceVersion "1"]
[SourceVersionDate "2007.07.04"]
[SourceQuality "1"]

1. e4 g6 2. d4 c6 3. Nf3 Bg7 4. c4 d5 5. exd5 cxd5 6. Nc3 Nf6 7. Qb3 0-0 8. cxd5 Nbd7 9. Bg5 Nb6 10. Bxf6 Bxf6 11. h3 e6 12. Be2 Nxd5 13. Nxd5 Qxd5 14. Qxd5 exd5 15. 0-0 Bf5 16. Rac1 Rac8 17. b3 a6 18. Rfd1 Rfe8 19. Kf1 Be7 20. Rxc8 Rxc8 21. Ne1 Be4 22. Bf3 Bxf3 23. gxf3 g5 24. Kg2 Bd6 25. Rd2 Kg7 26. Nd3 Kf6 27. Re2 Kf5 28. Ne5 f6 29. Ng4 Bf4 30. Ne3+ Bxe3 31. Rxe3 Rc2 32. Re7 b5 33. Rxh7 Rxa2 34. Rd7 Ra3 35. Rxd5+ Ke6 36. Rc5 Kd6 37. Rf5 Ke7 38. Rc5 Rxb3 39. Rc6 a5 40. Ra6 a4 41. Kg3 a3 42. Kg4 b4 43. d5 Rb2 44. Kf5 a2 45. d6+ Kd7 46. Kxf6 b3 47. Ke5 Rb1 48. Ra7+ Kc6 49. d7 Rd1 50. Ke6 b2 0-1

[Event "CZE-ch U18/20"]
[Site "Havlickuv Brod"]
[Date "2006.09.30"]
[Round "8"]
[White "Balkova, Anna"]
[Black "Nemcova, Kristyna"]
[Result "1/2-1/2"]
[WhiteElo "2014"]
[BlackElo "2022"]
[PlyCount "82"]
[EventDate "2006.09.23"]
[EventType "tourn"]
[EventRounds "9"]
[EventCountry "CZE"]
[SourceTitle "EXT 2008"]
[Source "ChessBase"]
[SourceDate "2007.11.25"]
[SourceVersion "1"]
[SourceVersionDate "2007.11.25"]
[SourceQuality "1"]

1. e4 c5 2. Nf3 Nc6 3. d4 cxd4 4. Nxd4 Qc7 5. Nc3 e6 6. Ndb5 Qb8 7. Be3 Nf6 8. f4 d6 9. Be2 Be7 10. a4 b6 11. Nd4 Nxd4 12. Bxd4 0-0 13. 0-0 Bb7 14. Bd3 Nd7 15. Qh5 e5 16. Be3 exf4 17. Bxf4 Ne5 18. Bxe5 dxe5 19. Bc4 Bc5+ 20. Kh1 Qc7 21. Nd5 Bxd5 22. Bxd5 Rad8 23. Rf3 g6 24. Qh6 Rxd5 25. exd5 f5 26. Rd1 e4 27. Rh3 Rf7 28. Qd2 Qd6 29. c3 a5 30. Rb1 Qe5 31. b4 e3 32. Qe2 axb4 33. cxb4 Qe4 34. Rb3 Bd4 35. Rbxe3 Bxe3 36. Rxe3 Qxd5 37. Re8+ Kg7 38. Re7 Rxe7 39. Qxe7+ Kg8 40. h3 Qd1+ 41. Kh2 Qd4 1/2-1/2

[Event "Mitropa Cup (Women)"]
[Site "Brno"]
[Date "2006.09.07"]
[Round "2.5"]
[White "Kulovana, Eva"]
[Black "Balkova, Anna"]
[Result "1-0"]
[WhiteElo "2199"]
[BlackElo "2014"]
[PlyCount "71"]
[EventDate "2006.09.07"]
[EventType "team-tourn"]
[EventRounds "9"]
[EventCountry "CZE"]
[SourceTitle "CBM 114 Extra"]
[Source "ChessBase"]
[SourceDate "2006.11.03"]
[SourceVersion "1"]
[SourceVersionDate "2006.11.03"]
[SourceQuality "1"]
[WhiteTeam "Czech Republic (W)"]
[BlackTeam "Czech Republic (W) III"]
[WhiteTeamCountry "CZE"]
[BlackTeamCountry "CZE"]

1. e4 c5 2. Nf3 Nc6 3. d4 cxd4 4. Nxd4 Nf6 5. Nc3 e5 6. Ndb5 d6 7. Bg5 a6 8. Na3 b5 9. Nd5 Be7 10. Bxf6 Bxf6 11. c3 Bg5 12. Nc2 0-0 13. a4 bxa4 14. Rxa4 a5 15. Bc4 Rb8 16. b3 Kh8 17. 0-0 g6 18. Qe2 f5 19. Rd1 f4 20. f3 Ne7 21. Nxe7 Bxe7 22. Rda1 Ra8 23. b4 Qb6+ 24. Kh1 Bd7 25. Rxa5 Rxa5 26. Rxa5 h5 27. Ra6 Qc7 28. Qd3 h4 29. Qd5 h3 30. b5 hxg2+ 31. Kxg2 Bc8 32. Qc6 Qd8 33. Ra7 d5 34. Bxd5 Bd6 35. Kh1 Bh3 36. Qb7 1-0

[Event "Brno Trade op"]
[Site "Brno"]
[Date "2006.09.02"]
[Round "7"]
[White "Balkova, Anna"]
[Black "Rychtecky, Miroslav"]
[Result "0-1"]
[WhiteElo "2014"]
[BlackElo "2094"]
[PlyCount "58"]
[EventDate "2006.08.27"]
[EventType "swiss"]
[EventRounds "9"]
[EventCountry "CZE"]
[SourceTitle "EXT 2007"]
[Source "ChessBase"]
[SourceDate "2006.11.23"]
[SourceVersion "1"]
[SourceVersionDate "2006.11.23"]
[SourceQuality "1"]

1. e4 e5 2. Nf3 Nc6 3. Bb5 g6 4. c3 d6 5. d4 Bd7 6. 0-0 Bg7 7. d5 Nce7 8. Bd3 Nf6 9. Ne1 0-0 10. f4 exf4 11. Bxf4 h6 12. Qd2 Kh7 13. Nf3 Nh5 14. Be3 f5 15. Na3 fxe4 16. Bxe4 Nf5 17. Bf2 Nf6 18. Bc2 Ng4 19. Bxf5 Bxf5 20. Nd4 Bd7 21. Ne6 Bxe6 22. dxe6 Qe7 23. Rae1 Be5 24. g3 Qxe6 25. Bd4 c5 26. Bxe5 Nxe5 27. Nb5 Rae8 28. Kg2 Rxf1 29. Rxf1 Nc4 0-1

[Event "Brno Trade op"]
[Site "Brno"]
[Date "2006.09.02"]
[Round "8"]
[White "Steinhauser, Dominik"]
[Black "Balkova, Anna"]
[Result "1/2-1/2"]
[WhiteElo "1904"]
[BlackElo "2014"]
[PlyCount "70"]
[EventDate "2006.08.27"]
[EventType "swiss"]
[EventRounds "9"]
[EventCountry "CZE"]
[SourceTitle "EXT 2007"]
[Source "ChessBase"]
[SourceDate "2006.11.23"]
[SourceVersion "1"]
[SourceVersionDate "2006.11.23"]
[SourceQuality "1"]

1. e4 c5 2. Nf3 Nc6 3. d4 cxd4 4. Nxd4 Nf6 5. Nc3 e5 6. Ndb5 d6 7. Bg5 a6 8. Na3 b5 9. Bxf6 gxf6 10. Nd5 Bg7 11. c3 f5 12. Bd3 Be6 13. Ne3 f4 14. Nd5 0-0 15. Qf3 Bxd5 16. exd5 Ne7 17. g4 f5 18. gxf5 Nxf5 19. Rg1 Ra7 20. Nb1 Re7 21. Nd2 Kh8 22. Rg5 e4 23. Bxe4 b4 24. 0-0-0 bxc3 25. Nb3 cxb2+ 26. Kb1 Rxe4 27. Rxg7 Qe8 28. Rgg1 Qe5 29. Nd2 Rb4 30. Rde1 Nd4 31. Qc3 Qf5+ 32. Ne4 a5 33. Qc7 Rf7 34. Qd8+ Rf8 35. Qc7 Rf7 1/2-1/2

[Event "Brno Trade op"]
[Site "Brno"]
[Date "2006.08.30"]
[Round "4"]
[White "Krc, Milan"]
[Black "Balkova, Anna"]
[Result "0-1"]
[WhiteElo "1900"]
[BlackElo "2014"]
[PlyCount "60"]
[EventDate "2006.08.27"]
[EventType "swiss"]
[EventRounds "9"]
[EventCountry "CZE"]
[SourceTitle "EXT 2007"]
[Source "ChessBase"]
[SourceDate "2006.11.23"]
[SourceVersion "1"]
[SourceVersionDate "2006.11.23"]
[SourceQuality "1"]

1. b4 e5 2. Bb2 d6 3. e3 Nf6 4. Nf3 Be7 5. c4 0-0 6. Be2 h6 7. 0-0 Be6 8. a3 Nh7 9. Nc3 f5 10. Rc1 Ng5 11. Nxg5 hxg5 12. f3 f4 13. exf4 gxf4 14. d4 c5 15. dxe5 dxe5 16. Qxd8 Rxd8 17. b5 Rd2 18. Ba1 Nd7 19. Rfd1 Rxd1+ 20. Rxd1 Nb6 21. Ne4 Nxc4 22. Bxc4 Bxc4 23. Rd7 Bf6 24. Nd6 Be6 25. Rxb7 Rd8 26. Bxe5 Bxe5 27. Ne4 Rd1+ 28. Kf2 Bc4 29. g3 Bd4+ 30. Kg2 Bf1+ 0-1

[Event "Brno Trade op"]
[Site "Brno"]
[Date "2006.08.28"]
[Round "2"]
[White "Svoboda, Karel"]
[Black "Balkova, Anna"]
[Result "1-0"]
[WhiteElo "1785"]
[BlackElo "2014"]
[PlyCount "85"]
[EventDate "2006.08.27"]
[EventType "swiss"]
[EventRounds "9"]
[EventCountry "CZE"]
[SourceTitle "EXT 2007"]
[Source "ChessBase"]
[SourceDate "2006.11.23"]
[SourceVersion "1"]
[SourceVersionDate "2006.11.23"]
[SourceQuality "1"]

1. e4 c5 2. c3 d5 3. exd5 Qxd5 4. d4 g6 5. Na3 a6 6. Nf3 Bg7 7. Bc4 Qe4+ 8. Be3 cxd4 9. cxd4 Nh6 10. Qb3 e6 11. 0-0 0-0 12. Rfe1 Qf5 13. h3 Qa5 14. Bd3 Nd7 15. Nc4 Qd8 16. a4 Nf5 17. Rac1 Nxe3 18. fxe3 Nf6 19. Nb6 Rb8 20. Nxc8 Rxc8 21. Qxb7 Rb8 22. Qxa6 Rxb2 23. Bb5 Bh6 24. Qc6 Nd5 25. e4 Ne3 26. Re2 Rxe2 27. Bxe2 Qb8 28. Qc3 Qf4 29. Ra1 Qxe4 30. Bd3 Qb7 31. a5 Rc8 32. Qa3 Rd8 33. a6 Qa7 34. Qc5 Qa8 35. a7 Bg7 36. Ra4 e5 37. d5 Nxd5 38. Be4 Bf8 39. Qxd5 Rxd5 40. Bxd5 Qxa7+ 41. Rxa7 Bc5+ 42. Kf1 Bxa7 43. Nxe5 1-0

[Event "Znojmo op"]
[Site "Znojmo"]
[Date "2006.05.21"]
[Round "9.17"]
[White "Balkova, Anna"]
[Black "Cibicek, Jozef"]
[Result "1-0"]
[WhiteElo "2060"]
[BlackElo "1935"]
[PlyCount "154"]
[EventDate "2006.05.14"]
[EventType "swiss"]
[EventRounds "9"]
[EventCountry "CZE"]
[SourceTitle "CBM 112 Extra"]
[Source "ChessBase"]
[SourceDate "2006.07.14"]
[SourceVersion "1"]
[SourceVersionDate "2006.07.14"]
[SourceQuality "1"]

1. e4 c6 2. d4 d5 3. exd5 cxd5 4. c4 Nf6 5. Nf3 Nc6 6. Nc3 Bg4 7. cxd5 Nxd5 8. Qb3 Bxf3 9. gxf3 e6 10. Qxb7 Nxd4 11. Bb5+ Nxb5 12. Qc6+ Ke7 13. Qxb5 Qd7 14. Qxd7+ Kxd7 15. Nxd5 exd5 16. Be3 Bd6 17. 0-0-0 Ke6 18. Rhe1 Rhc8+ 19. Kb1 f6 20. Bxa7+ Kf7 21. Rxd5 Bxh2 22. Rd7+ Kg6 23. Rh1 Rc7 24. Rxc7 Bxc7 25. Be3 h6 26. Rc1 Be5 27. b4 Kf5 28. Rc2 h5 29. b5 h4 30. Bd2 h3 31. Rc1 h2 32. Rh1 Rh8 33. a4 Ke6 34. f4 Bd6 35. a5 Kd5 36. Be3 Kc4 37. a6 Kxb5 38. a7 Kc4 39. Rxh2 Ra8 40. Rg2 Bf8 41. Rg1 Kb4 42. Rc1 Kb5 43. Rc7 Ka6 44. Rc1 Rd8 45. Kc2 Ra8 46. Kc3 Re8 47. Kd4 Rd8+ 48. Kc4 Re8 49. Kd5 Rd8+ 50. Ke6 Ra8 51. Kd7 Ba3 52. Rc8 Kb7 53. Rxa8 Kxa8 54. Ke6 Bb2 55. Kf7 Bc3 56. Kxg7 Bb2 57. Kf7 Kb7 58. Ke6 Bc3 59. f5 Bb2 60. Bh6 Kxa7 61. Bg7 Kb7 62. Bxf6 Bc1 63. Be7 Kc6 64. f6 Kb5 65. f7 Bh6 66. f8Q Bxf8 67. Bxf8 Kc4 68. f4 Kd3 69. f5 Ke4 70. f6 Kf4 71. Bd6+ Ke4 72. f7 Kd4 73. f8Q Kc4 74. Qf4+ Kd3 75. Bc5 Kc3 76. Qd4+ Kc2 77. Bb4 Kb1 1-0

[Event "Znojmo op"]
[Site "Znojmo"]
[Date "2006.05.18"]
[Round "6.23"]
[White "Balkova, Anna"]
[Black "Brazda, Antonin"]
[Result "1-0"]
[WhiteElo "2060"]
[BlackElo "1945"]
[PlyCount "64"]
[EventDate "2006.05.14"]
[EventType "swiss"]
[EventRounds "9"]
[EventCountry "CZE"]
[SourceTitle "CBM 112 Extra"]
[Source "ChessBase"]
[SourceDate "2006.07.14"]
[SourceVersion "1"]
[SourceVersionDate "2006.07.14"]
[SourceQuality "1"]

1. e4 e5 2. Nf3 Nc6 3. Bb5 a6 4. Ba4 Bc5 5. c3 b5 6. Bc2 Nf6 7. d4 exd4 8. cxd4 Bb4+ 9. Nc3 d6 10. h3 h6 11. 0-0 0-0 12. Qe2 Re8 13. e5 dxe5 14. dxe5 Bxc3 15. bxc3 Bd7 16. Re1 Nh7 17. Qe4 Nf8 18. Ba3 Ne7 19. Rad1 Qc8 20. Nh4 Bc6 21. Qd3 Bd7 22. f4 Qb7 23. Bc5 Rad8 24. Qg3 Qc6 25. Bxe7 Rxe7 26. f5 Ree8 27. Bb3 Qb6+ 28. Kh1 c5 29. f6 g5 30. Nf3 Bf5 31. Nxg5 hxg5 32. Qxg5+ Bg6 1-0